| 000 | 00661nam a2200229 i 4500 | ||
|---|---|---|---|
| 003 | DO-SdBNP | ||
| 005 | 20240424132022.0 | ||
| 007 | ta | ||
| 008 | 240424b1978 dr ||||| |||| 00| 0 spa d | ||
| 040 |
_aDO-SdBNP _bspa _cBNPHU _erda |
||
| 082 | 4 |
_222 _bC718g |
|
| 100 |
_aColombino Perelló, Héctor _981570 _eautor |
||
| 245 | 1 | 0 |
_aGentes y cosas de bani / _cHéctor Colombino Perelló |
| 264 |
_aSanto Domingo : _bCosmos, _c1978. |
||
| 300 |
_a143 páginas ; _c23 cm. |
||
| 336 |
_2rdacontent _atexto _btxt |
||
| 337 |
_2rdamedia _asin mediación _bn |
||
| 338 |
_2rdacarrier _avolumen _bnc |
||
| 590 | _aInventariado, 2024/DG | ||
| 910 | _aDG | ||
| 942 |
_2ddc _cLBS1 |
||
| 999 |
_c56486 _d56486 |
||